000 01647cam a2200421 4500
003 PE-LiUPU
005 20250731173602.0
008 250304b |||||||| |||| 00| 0 spa d
035 _a(Sirsi) i9781878046291
035 _a(Sirsi) 17405
035 _a(Sirsi) 17405
040 _bspa
_cPE-LiUPU
_dPE-LiUPU
_erda
041 _aen
044 _aus
082 0 4 _a291.1
_bC161
_223
245 _aCalling time :
_breligion and change at the turn of the millennium /
_cRussell Burrill.
264 1 _aChippenham, Wiltshire :
_bSheffield Academic Press,
_c2000.
300 _a268 páginas ;
_c24 cm.
505 _aJubilee: a bible perspective -- The angelic restrainer of 2 thessalonians 2: 6-7 -- Muslims and time: islam, globalization and social change at the turn of the millennium -- Is there an East Asian Millennium? East Asian Conceptions of time -- A threshold of fear and of hope: religion, society and the dawn of the millennium -- Pre-millennial tensions: whats pentecostal ministers look forward to -- Are you suffering from PMT? The impact of millennial time.
526 _aSEG42
526 _aSEG41
526 _aSEG40
526 _aSEG39
526 _aP94
526 _aP87
526 _aP86
526 _aP85
526 _aP77
526 _aP76
526 _aP35
650 1 4 _aReligión y cambio.
_95041
650 2 4 _aCambio (Filosofía)
_xAspectos religiosos.
_95042
942 _2ddc
_cBK
999 _c62854
_d62853
980 _618226
_aJaime Vilcazán Jefe de Análisis Documental
_81
_gALBERTO SANCHEZ Responsable de Automatización